Current developments in biotechnology and bioengineering : emerging organic micro-pollutants /

Bibliographic Details
Corporate Author: Knovel (Firm)
Other Authors: Varjani, Sunita
Format: eBook
Language:English
Published: Amsterdam : Elsevier, 2020.
Subjects:
Online Access:Connect to the full text of this electronic book

MARC

Tag First Indicator Second Indicator Subfields
LEADER 00000cam a2200000 a 4500
001 in00004639821
006 m o d
007 cr |n|||||||||
008 200224s2020 ne o 001 0 eng d
005 20230110224440.6
035 |a (OCoLC)on1141415636 
040 |a YDX  |b eng  |e pn  |c YDX  |d OPELS  |d UKMGB  |d UKAHL  |d OCLCF  |d EBLCP  |d OCLCQ  |d OCLCO  |d K6U 
015 |a GBC013094  |2 bnb 
016 7 |a 019690420  |2 Uk 
019 |a 1141508661  |a 1287275789  |a 1287879355 
020 |a 9780128213094  |q (electronic bk.) 
020 |a 0128213094  |q (electronic bk.) 
020 |z 9780128195949 
020 |z 0128195940 
035 |a (OCoLC)1141415636  |z (OCoLC)1141508661  |z (OCoLC)1287275789  |z (OCoLC)1287879355 
037 |a 9780128213094  |b Ingram Content Group 
050 4 |a TD196.C45 
082 0 4 |a 628.168  |2 23 
049 |a TXAM 
245 0 0 |a Current developments in biotechnology and bioengineering :  |b emerging organic micro-pollutants /  |c edited by Sunita Varjani [and more]. 
260 |a Amsterdam :  |b Elsevier,  |c 2020. 
300 |a 1 online resource 
336 |a text  |b txt  |2 rdacontent 
337 |a computer  |b c  |2 rdamedia 
338 |a online resource  |b cr  |2 rdacarrier 
500 |a Includes index. 
505 0 |a <P>1. Sustainable management and treatment technologies for micropollutants in wastewater 2. Occurrence and human health risk of micropollutants -- A special focus on endocrine disruptors 3. Micro pollutants in surface water: Impacts on aquatic environment and treatment technologies 4. Methods for the analysis of micropollutants 5. Constructed wetlands for the removal of organic micropollutants 6. Multi-barrier approach for the removal of organic micropollutants 7. Heterogeneous photo catalysis for the removal of pharmaceutical compounds 8. Biotransformation of organic micropollutants in biological wastewater 9. Modeling of organic micro pollutant degradation kinetics 10. Membrane bioreactors for the removal of micropollutants 11. Membrane distillation for the removal of micropollutants 12. Removal of organic micropollutants by membrane filtration 13. Advanced oxidation processes for the removal of pesticides 14. Retention of organic micropollutants by sorption Processes 15. Removal of organic micropollutants using filamentous fungi 16. Removal of organic micropollutants by anaerobic microbes and enzymes 17. Degradation of organic micropollutants by ultraviolet radiation 18. Removal of emerging micropollutants from pharmaceutical industry wastewater 19. Ecotoxicological effects of organic micropollutants on environment 20. Removal of contaminants of emerging concern by microalgae-based wastewater treatments and related analytical techniques 21. Nanofiltration and reverse osmosis processes for the removal of micropollutants</p> 
650 0 |a Micropollutants. 
650 0 |a Organic water pollutants. 
650 0 |a Sewage  |x Purification. 
650 0 |a Bioengineering. 
650 0 |a Biotechnology. 
650 2 |a Biotechnology 
650 6 |a Micropolluants. 
650 6 |a Polluants organiques de l'eau. 
650 6 |a Eaux usées  |x Épuration. 
650 6 |a Biotechnologie. 
650 7 |a bioengineering.  |2 aat 
650 7 |a Bioengineering.  |2 fast  |0 (OCoLC)fst00832028 
650 7 |a Biotechnology.  |2 fast  |0 (OCoLC)fst00832729 
650 7 |a Micropollutants.  |2 fast  |0 (OCoLC)fst01020003 
650 7 |a Organic water pollutants.  |2 fast  |0 (OCoLC)fst01047753 
650 7 |a Sewage  |x Purification.  |2 fast  |0 (OCoLC)fst01113752 
655 7 |a Electronic books.  |2 local 
700 1 |a Varjani, Sunita. 
710 2 |a Knovel (Firm) 
776 0 8 |i Ebook version :  |z 9780128213094 
776 0 8 |i Print version:  |t Current developments in biotechnology and bioengineering.  |d Amsterdam : Elsevier, 2020  |z 0128195940  |z 9780128195949  |w (OCoLC)1110487045 
856 4 0 |u http://proxy.library.tamu.edu/login?url=https://app.knovel.com/hotlink/toc/id:kpCDBBEOMJ/current-developments-in?kpromoter=marc  |z Connect to the full text of this electronic book  |t 0 
955 |a Knovel ebooks 
994 |a 92  |b TXA 
999 f f |s af9046e7-3052-40b0-83ca-38b65a7b6c2e  |i 73344900-89d7-430b-b0cb-4488af8134e6  |t 0 
952 f f |a Texas A&M University  |b College Station  |c Electronic Resources  |d Available Online  |t 0  |e TD196.C45   |h Library of Congress classification 
998 f f |a TD196.C45   |t 0  |l Available Online